15 Największych Miast Byłej Jugosławii na Mapie - Statystyki

Ogólne statystyki
  • Ten quiz został rozwiązany 100 razy
    82 od ostatniego zresetowania
  • Średni wynik to 11 z 15
Odpowiedzi na mapie
Odpowiedzi zakodowano w zielono-czerwonej skali na mapie do tego quizu, zgodnie z poniższymi procentami.
 
Statystyki odpowiedzi
Kraj Miasto Populacja % Poprawnych
Serbia Belgrad 1,2 mln
100%
Słowenia Lublana 290k
100%
Bośnia Sarajewo 350k
100%
Chorwacja Zagrzeb 660k
98%
Macedonia Skopje 420k
96%
Czarnogóra Podgorica 170k
92%
Kosowo Prisztina 140k
88%
Chorwacja Split 150k
83%
Serbia Nowy Sad 260k
65%
Chorwacja Rijeka 110k
65%
Słowenia Maribor 100k
56%
Bośnia Banja Luka 135k
52%
Serbia Nisz 180k
44%
Serbia Subotica 90k
31%
Serbia Kragujevac 145k
21%
Nie znaleziono quizów pasujących do podanych kryteriów
Rozkład punktacji
Procent ludzi z każdym wynikiem
Percentyl według liczby udzielonych odpowiedzi
Twoja historia wyników
Nie rozwiązałeś tego quizu od ostatniego zresetowania